000 00484nam a2200181Ia 4500
005 20250326125251.0
008 250326s9999 xx 000 0 und d
037 _aTextbook
040 _aFMSL
_beng
_cFMSL
041 _aeng
_2eng
084 _aX7 K6
_qFMSL
100 _aWolf H A
_9738775
245 0 _aReading in fice
_cWolf H A; Richardson L
260 _aNY
_bNY, Appleton-Century-Crofts
_c1966
300 _a364p
942 _cTB
_hX7 K6
999 _c1277269
_d1277269